La calle de Carretas (Record no. 154236)

MARC details
000 -LEADER
campo de control de longitud fija 01227nam a22002535i 4500
001 - NÚMERO DE CONTROL
campo de control 154236
003 - IDENTIFICADOR DE NÚMERO DE CONTROL
campo de control ES-MaACL
005 - FECHA Y HORA DE LA ÚLTIMA TRANSACCIÓN
campo de control 20251012063054.0
008 - DATOS DE LONGITUD FIJA--INFORMACIÓN GENERAL
campo de control de longitud fija 000119s1880 sp |||| | spa d
040 ## - FUENTE DE CATALOGACIÓN
Centro catalogador/agencia de origen CAM
Lengua de catalogación spa
Centro/agencia transcriptor CAM
100 1# - ENTRADA PRINCIPAL--NOMBRE DE PERSONA
Nombre de persona García Santisteban, Rafael,
Fechas asociadas al nombre 1829-1893
9 (RLIN) 140041
245 13 - MENCIÓN DEL TÍTULO
Título La calle de Carretas
Resto del título : zarzuela histórico-tradicional-madrileña en tres actos y seis cuadros /
Mención de responsabilidad, etc. escrita en verso y original de Rafael García y Santistéban ; música del maestro Ruperto Chapí.
260 ## - PUBLICACIÓN, DISTRIBUCIÓN, ETC.
Lugar de publicación, distribución, etc. Madrid :
Nombre del editor, distribuidor, etc. [ Hijos de A. Gullón],
Fecha de publicación, distribución, etc. 1880 (
Fabricante Imprenta de José Rodriguez)
300 ## - DESCRIPCIÓN FÍSICA
Extensión 95 p. ;
Dimensiones 19 cm.
490 1# - MENCIÓN DE SERIE
Mención de serie El Teatro: colección de obras dramáticas y líricas
500 ## - NOTA GENERAL
Nota general En port.: Estrenada con éxito en el Teatro de Apolo el 22 de noviembre de 1880.
500 ## - NOTA GENERAL
Nota general Solo la letra.
596 ## - NOTA AL PIE DE IMPRENTA
NOTA AL PIE DE IMPRENTA Mención de editor consta en la cub.
598 ## - NOTA LOCAL
Nota local Mención de serie consta en la cub.
700 1# - ENTRADA AGREGADA--NOMBRE PERSONAL
Nombre de persona Chapí, Ruperto,
Fechas asociadas al nombre 1851-1909
9 (RLIN) 38014
830 03 - PUNTO DE ACCESO ADICIONAL DE SERIE-TÍTULO UNIFORME
Título uniforme El teatro: colección de obras dramática y líricas
9 (RLIN) 221753
852 ## - LOCALIZACIÓN
Ubicación ES-MaACL
Número de control de estantería D-677(6)
Nota libre -- Enc. hol., conservando la enc. original
-- -- Legado de M. de la Fuente
-- -- Enc. en un vol. facticio
Holdings
Estatus retirado Estado de pérdida Estado de daño No para préstamo Colección Biblioteca de origen Biblioteca actual Ubicación en estantería Fecha de adquisición Fuente de adquisición Total de préstamos Signatura topográfica completa Código de barras Visto por última vez Precio de reemplazo Tipo de ítem Koha
        Libros del s. XIX Biblioteca del Ateneo de Madrid Biblioteca del Ateneo de Madrid Sala Valle Inclán 17/01/2008     D-677(6) 901161282 23/02/2023 23/02/2023 Libro impreso antiguo